000 00273nam a2200097Ia 4500
001 647669
005 20250826153707.0
008 250824s9999 xx 000 0 und d
245 0 _aYÜZBAŞININ KIZI ANTİK OKUL KLASİKLERİ
_cPUŞKİN
260 _bANTİK DÜNYA KLASİKLERİ
999 _c647669
_d647669